000
00257nam a2200097Ia 4500
001
703935
005
20250826162401.0
008
250824s9999 xx 000 0 und d
245
0
_a
KÜÇÜKLER VE BÜYÜKLER
_c
BRİGİTTEN LABBE
260
_b
GÜNIŞIĞI YAYINLARI
999
_c
703935
_d
703935